[Event "Central Asia Cup"]
[Site "Tashkent"]
[Date "2023.01.18"]
[Round "1"]
[White "Bobomurodova, Maftuna"]
[Black "Kazhgaleyev, Murtas"]
[Result "0-1"]
[WhiteElo "1991"]
[BlackElo "2499"]
[PlyCount "76"]
[EventDate "2023.01.18"]
[EventType "swiss"]
[EventRounds "9"]
[EventCountry "UZB"]
[SourceTitle "CBM 212 Extra"]
[Source "ChessBase"]
[SourceDate "2023.03.31"]
[SourceVersion "1"]
[SourceVersionDate "2023.03.31"]
[SourceQuality "1"]

1. e4 c5 2. Nf3 Nc6 3. d4 cxd4 4. Nxd4 e6 5. Nc3 d6 6. Be3 Nf6 7. Be2 Be7 8. 0-0 0-0 9. f3 a6 10. a4 Qc7 11. Nb3 b6 12. Qe1 Nb4 13. Qf2 Rb8 14. Rfc1 d5 15. exd5 Nbxd5 16. Nxd5 Nxd5 17. Bd2 e5 18. Bf1 a5 19. Qg3 f5 20. c4 Nf6 21. Bc3 Bd6 22. Rd1 Re8 23. Qg5 Be6 24. Bd3 e4 25. fxe4 Bxh2+ 26. Kh1 Bf4 27. Qh4 g5 28. Qf2 Ng4 29. Qf3 Qf7 30. Bd4 fxe4 31. Bxe4 Qh5+ 32. Kg1 Qh2+ 33. Kf1 Bxc4+ 34. Rd3 Rxe4 35. Qxe4 Rf8 36. Ke2 Qh5 37. Qf3 Qg6 38. Rad1 Re8+ 0-1

[Event "Titled Tuesday intern op 10th Jan Early"]
[Site "Chess.com INT"]
[Date "2023.01.10"]
[Round "6"]
[White "Bobomurodova, Maftuna"]
[Black "Reprintsev, Alexander"]
[Result "0-1"]
[WhiteElo "1991"]
[BlackElo "2298"]
[PlyCount "68"]
[EventDate "2023.01.10"]
[EventType "swiss (blitz)"]
[EventRounds "11"]
[EventCountry "USA"]
[SourceTitle "EXT 2024"]
[Source "ChessBase"]
[SourceDate "2023.10.10"]
[SourceVersion "1"]
[SourceVersionDate "2023.10.10"]
[SourceQuality "1"]

1. e4 d5 2. exd5 Qxd5 3. Nc3 Qa5 4. d4 Nf6 5. Nf3 Nc6 6. Be2 Bg4 7. 0-0 0-0-0 8. Be3 e5 9. Nd2 Bxe2 10. Nxe2 exd4 11. Bf4 Nd5 12. Bg3 Ne3 13. fxe3 dxe3 14. Rxf7 Rxd2 15. Qf1 Bd6 16. Bxd6 Rxd6 17. Rf5 Qd2 18. Ng3 Qxc2 19. Re1 Re8 20. Rf8 Rde6 21. Rxe8+ Rxe8 22. Qf7 Qg6 23. Qd5 Qe6 24. Qxe6+ Rxe6 25. Nf5 Nb4 26. Rxe3 Rxe3 27. Nxe3 Nxa2 28. Nf5 g6 29. Ne7+ Kd7 30. Nd5 Kd6 31. Nf6 h5 32. Nh7 Ke7 33. h4 Nc1 34. Kf2 Nd3+ 0-1

[Event "Titled Tuesday intern op 10th Jan Early"]
[Site "Chess.com INT"]
[Date "2023.01.10"]
[Round "5"]
[White "Salman, Pavel"]
[Black "Bobomurodova, Maftuna"]
[Result "1-0"]
[WhiteElo "2287"]
[BlackElo "1991"]
[PlyCount "47"]
[EventDate "2023.01.10"]
[EventType "swiss (blitz)"]
[EventRounds "11"]
[EventCountry "USA"]
[SourceTitle "EXT 2024"]
[Source "ChessBase"]
[SourceDate "2023.10.10"]
[SourceVersion "1"]
[SourceVersionDate "2023.10.10"]
[SourceQuality "1"]

1. Nf3 d5 2. g3 c5 3. Bg2 Nc6 4. 0-0 Nf6 5. d3 e5 6. Nbd2 Be7 7. e4 0-0 8. exd5 Nxd5 9. Nc4 f6 10. a4 b6 11. Nfd2 Bb7 12. c3 Re8 13. Qb3 Kh8 14. Ne4 Nc7 15. h4 Qxd3 16. Rd1 Qe2 17. Be3 Rad8 18. Re1 Qg4 19. Nxc5 Bxc5 20. Bxc5 Ba8 21. Nd6 Na5 22. Nf7+ Kg8 23. Nh6+ Kh8 24. Qg8+ 1-0

[Event "Titled Tuesday intern op 03rd Jan Early"]
[Site "Chess.com INT"]
[Date "2023.01.03"]
[Round "1"]
[White "Bobomurodova, Maftuna"]
[Black "Karttunen, Mika"]
[Result "0-1"]
[WhiteElo "1991"]
[BlackElo "2495"]
[PlyCount "66"]
[EventDate "2023.01.03"]
[EventType "swiss (blitz)"]
[EventRounds "11"]
[EventCountry "USA"]
[SourceTitle "EXT 2024"]
[Source "ChessBase"]
[SourceDate "2023.10.10"]
[SourceVersion "1"]
[SourceVersionDate "2023.10.10"]
[SourceQuality "1"]

1. e4 c5 2. Nf3 d6 3. d4 cxd4 4. Nxd4 Nf6 5. Nc3 a6 6. Bg5 e6 7. f4 Qb6 8. Qd2 Qxb2 9. Rb1 Qa3 10. f5 Nc6 11. fxe6 fxe6 12. Be2 Qc5 13. Be3 Nxd4 14. Bxd4 Qc6 15. Bf3 e5 16. Be3 Be7 17. 0-0 0-0 18. Rb6 Qc7 19. Rfb1 Kh8 20. Nd5 Nxd5 21. exd5 Qc4 22. Be2 Qh4 23. R6b4 e4 24. g3 Qh3 25. Rxe4 Bf6 26. Bf1 Qf5 27. Rf4 Qg6 28. Bd3 Qh5 29. Rbf1 Bh3 30. R1f2 Rae8 31. Rh4 Bxh4 32. Bf4 Bf6 33. Kh1 Bd4 0-1

[Event "Titled Tuesday intern op 22nd Nov Early"]
[Site "Chess.com INT"]
[Date "2022.11.22"]
[Round "4"]
[White "Savic, Miroslav"]
[Black "Bobomurodova, Maftuna"]
[Result "1-0"]
[WhiteElo "2171"]
[BlackElo "1991"]
[PlyCount "67"]
[EventDate "2022.11.22"]
[EventType "swiss (blitz)"]
[EventRounds "11"]
[EventCountry "USA"]
[SourceTitle "CBM 211 Extra"]
[Source "ChessBase"]
[SourceDate "2023.01.31"]
[SourceVersion "1"]
[SourceVersionDate "2023.01.31"]
[SourceQuality "1"]

1. Nf3 Nf6 2. c4 e6 3. Nc3 d5 4. d4 Bb4 5. Bg5 0-0 6. Qb3 Bxc3+ 7. bxc3 b6 8. Bxf6 gxf6 9. cxd5 Qxd5 10. g3 Bb7 11. Bg2 Qd6 12. 0-0 Nd7 13. Rad1 a5 14. a4 Qe7 15. Nd2 Bxg2 16. Kxg2 f5 17. e4 fxe4 18. Nxe4 Nf6 19. Nxf6+ Qxf6 20. Qc4 Qe7 21. Rfe1 Rad8 22. Re5 c5 23. d5 Qf6 24. f4 exd5 25. Rdxd5 Rfe8 26. Qe4 Qc6 27. c4 Qxa4 28. Rg5+ Kf8 29. Qxh7 Qa2+ 30. Kh3 Rxd5 31. cxd5 Re2 32. Rg8+ Ke7 33. Qh4+ Kd7 34. Qd8# 1-0